El Alcalde en Cataluña / Jaume Magre Ferran
ISBN:
84-699-6150-0
Publicado:
Barcelona :
Institut de Ciències Polítiques i Socials : Diputació de Barcelona, Xarxa de Municipis : Federación Española de Municipios y Provincias ,
2001
Descripción Física:
316 p. : il., taules, gràf. ; 23 cm
MARC
| LEADER | 00000nam a2200000Ia 4500 | ||
|---|---|---|---|
| 001 | 14017 | ||
| 008 | 160829s2001 xx 000 0 cat d | ||
| 020 | |a 84-699-6150-0 | ||
| 080 | |a M-4-85 | ||
| 100 | |a Magre Ferran, Jaume |9 1215 | ||
| 245 | |a El Alcalde en Cataluña / Jaume Magre Ferran | ||
| 250 | |a Ed. en castellano | ||
| 260 | |a Barcelona : |b Institut de Ciències Polítiques i Socials : |b Diputació de Barcelona, Xarxa de Municipis : |b Federación Española de Municipios y Provincias, |c 2001 | ||
| 300 | |a 316 p. : |b il., taules, gràf. ; |c 23 cm | ||
| 590 | |a Notes, referències bibliogràfiques. | ||
| 590 | |a Existeix una edició en català | ||
| 650 | |a Alcaldes |x Catalunya |9 39262 | ||
| 650 | 0 | |a Municipis |x Govern i administració |z Catalunya |9 40824 | |
| 710 | |9 15759 |a Federación Española de Municipios y Províncias | ||
| 710 | 1 | |a Barcelona (Catalunya : Província). |b Diputació |9 52408 | |
| 710 | 2 | |a Institut de Ciències Polítiques i Socials (Barcelona, Catalunya) |9 55871 | |
| 901 | |a Arxiu | ||
| 942 | |n 1 |2 udc | ||
| 952 | |0 0 |1 0 |4 0 |6 M485 |7 1 |9 48898 |a Arxiu |b Arxiu |d 2016-12-01 |l 0 |o M-4-85 |p 14017 |r 2016-12-01 00:00:00 |w 2016-12-01 |y ARXIU | ||
| 999 | |c 52733 |d 52733 | ||